NPB 日本プロ野球 Akinator風クイズ 3 - Statistics

General Stats
  • This quiz has been taken 330 times
  • The average score is 7 of 10
Answer Stats
Question Answer % Correct
実在している? はい
100%
藤浪晋太郎選手ですか? いいえ
97%
中継ぎ登板をしましたか? いいえ
94%
現役選手ですか? はい
93%
ネフタリ・ソト選手は親戚ですか? いいえ
93%
セリーグの選手ですか? はい
92%
タイトルを獲得したことがありますか? いいえ
92%
投手ですか? いいえ
91%
高校野球で甲子園出場した経験はありますか? はい
91%
移籍経験がありますか? はい
90%
助っ人外国人ですか? いいえ
88%
2023年の背番号は二桁ですか はい
87%
年俸が1億円に到達したことはありますか いいえ
86%
高卒で入団しましたか? はい
85%
YouTuberですか? いいえ
84%
ドラフト指名は3位以上でしたか? はい
82%
親は政治家ですか? いいえ
82%
左投げですか? いいえ
81%
内星龍選手は親戚ですか? いいえ
80%
通算打率は.250を超えていますか? いいえ
79%
出身地は関東ですか? はい
77%
出身地は東北ですか? いいえ
72%
オールスターゲームに出場したことがありますか? いいえ
72%
甲子園で1イニング2本の三塁打を打ちましたか? はい
71%
育成契約と関係がありますか? いいえ
70%
現役ドラフトで移籍しましたか? はい
70%
結婚しましたか? いいえ
68%
現在(2024年3月時点)25歳以下ですか? いいえ
66%
身長は190cm以上ですか いいえ
64%
通算安打は150本を超えていますか? いいえ
54%
トレードで移籍しましたか? いいえ
50%
通算334試合出場をしている? いいえ
49%
シーズンで10盗塁を記録したことがありますか? いいえ
38%
武田勝選手と出身校が同じですか? はい
33%
シーズンで50三振以上を記録したことがありますか? いいえ
28%
侍ジャパンに召集されたことがありますか? はい
27%
内竜也選手は親戚ですか? はい
26%
No matching quizzes found
Score Distribution
Percent of People with Each Score
Percentile by Number Answered
Your Score History
You have not taken this quiz